| 000 | 00751nam a22002055a 4500 | ||
|---|---|---|---|
| 005 | 20090826232610.0 | ||
| 008 | 090826s2009 ii 000 0 eng | ||
| 010 | _aENG-95633 | ||
| 035 | _aEN-79166 | ||
| 037 | _bDBAD/PUB | ||
| 040 | _aDPL | ||
| 245 |
_aMultilingual education for social justice : _bglobalising the local / _cedited by Ajit K. Mohanty...[et al.] |
||
| 260 |
_aNew Delhi : _bOrient Blackswan, _c2009. |
||
| 300 |
_a400 p. _c23cm (Pbk) |
||
| 500 | _aIncludes bibliographical references and index. | ||
| 700 | _aMohanty, Ajit K. | ||
| 942 |
_2ddc _cEN _mMUL |
||
| 999 |
_c32812 _d32812 |
||